LEADER 01300nam a2200301 i 4500 001 000000154483 003 CaOOAMICUS 005 20081216000000.0 008 081216s2008 it u000 u ita u 013 $a131829 020 $a978-88-315-3536-6 040 $aSeMil$bita 100 1 $aSacchi, Alessandro,$c.$0(OLS)http://semarc/name/90585 245 10$aPaolo e i non credenti :$bLettera ai Romani 2,14-16.26-29 /$cAlessandro Sacchi. 260 $aMilano :$bPaoline,$c2008. 300 $a388 p. ;$c22 cm. 490 0 $aPaolo di Tarso ;$v7 500 $aDono del Card. Dionigi Tettamanzi. 650 4$aPaolo - Dottrina della salvezza.$0(OLS)http://semarc/subject/29403 650 4$aBibbia - NT - Lettere ai Romani 2,14-16.26-29.$0(OLS)http://semarc/subject/30252 830 0$aPaolo di Tarso ;$v7.$0(OLS)http://semarc/title/26324 850 $aSeMil 852 $aSeMil$W1$xVenegono$y1$m2V III 224$j106341$B106341$CSeMilBibl$Z2$F115591 $81 941 1 $a5 961 $aOmaggio: Tettamanzi Card. Dionigi 996 $6020$a978-88-315-3536-6$9(OLS)http://semarc/number/144418 996 $6245$aPaolo e i non credenti :$bLettera ai Romani 2,14-16.26-29$9(OLS)http://semarc/title/226094 996 $6260$aMilano :$bPaoline$9(OLS)http://semarc/publisher/29684 LEADER 01125nam a2200241 i 4500 001 000000251356 003 CaOOAMICUS 005 20161104000000.0 008 161104s1815 it u000 u ita u 013 $a230261 026 $a.*to E.EI reiu ilNe (7) 1815 (A) - [*= carattere °] 040 $aSeMil$bita 245 10$aCodice dei delitti e delle gravi trasgressioni politiche pel Regno Lombardo-Veneto. 250 $aEdizione uffiziale. 260 $aMilano :$bDalla Cesarea Regia Stamperia,$c1. ottobre 1815. 300 $a391, [1] p. ;$c8º. 500 $aStemma imperiale con monogramma di Francesco I. sul front. 650 4$aLombardo-Veneto <1815-1859> - Diritto e legislazione.$0(OLS)http://semarc/subject/1315 710 1 $aRegno Lombardo-Veneto.$0(OLS)http://semarc/name/1951 850 $aSeMil 852 $aSeMil$W1$xVenegono$y1$m3L IV 84 FA$j201702$B201702$CSeMilBibl$Z2$F213997 $8I 996 $6245$aCodice dei delitti e delle gravi trasgressioni politiche pel Regno Lombardo-Veneto$9(OLS)http://semarc/title/353535 996 $6260$aMilano :$bDalla Cesarea Regia Stamperia$9(OLS)http://semarc/publisher/49820